| 000 | 00451nam a22001457a 4500 | ||
|---|---|---|---|
| 020 | _a9781600617843 | ||
| 040 | _cNUST | ||
| 082 | _a751.45 WIL | ||
| 100 |
_aWillenbrink, Mark _9110215 |
||
| 110 |
_aWillenbrink, Mary, _9110216 |
||
| 245 |
_aOil Painting For The Absolute Beginner: _b A Clear & Easy Guide to Successful Oil Painting |
||
| 260 |
_aCincinnati: _bNorth Light Books, _c2010. |
||
| 650 |
_aPainting--Technique. _9110217 |
||
| 942 |
_2ddc _cBK |
||
| 999 |
_c593671 _d593671 |
||